Los cuatro de alera : historia de los cuatro rumbos /
Guardado en:
| Autor Principal: | |
|---|---|
| Otros Autores: | |
| Formato: | Libro |
| Publicado: |
Buenos Aires :
Sm,
2014
|
| Series: | El Barco de Vapor / Repetti, Cecilia
|
| Materias: | |
| Etiquetas: |
Agregar Etiqueta
Sin Etiquetas, Sea el primero en etiquetar este registro!
|
| LEADER | 00812nam a22002535a 4500 | ||
|---|---|---|---|
| 001 | CEM.cems015313 | ||
| 005 | 20191111155312.0 | ||
| 008 | 130507s2014##################000#0#####d | ||
| 003 | CEMS | ||
| 020 | |a 9789877311105 | ||
| 082 | 0 | 4 | |a A863.4 |
| 100 | 1 | |a Averbach, Márgara | |
| 245 | 1 | 0 | |a Los cuatro de alera : |b historia de los cuatro rumbos / |c Márgara Averbach ; ilustrado Por Poly Bernatene |
| 260 | |a Buenos Aires : |b Sm, |c 2014 | ||
| 300 | |a 208 p. | ||
| 490 | 0 | |a El Barco de Vapor / Repetti, Cecilia | |
| 653 | |a Literatura | ||
| 653 | |a Literatura argentina | ||
| 653 | |a Literatura infantil | ||
| 653 | |a Novela | ||
| 653 | |a Novelas infantiles | ||
| 653 | |a Colección ciencias de la educación | ||
| 700 | 1 | |a Bernatene, Poly; il. | |
| 859 | |a CEMS |b BIB. CEMS - Ccias. Educacion |h A863.4 |i Av35 |k CE |p 28521.19 |t Ej.1 | ||
